000 nam a22 7a 4500
999 _c126339
_d126339
008 170322b xxu||||| |||| 00| 0 eng d
050 _aB8414.4.B45 2002
100 _aBelsey, Catherine
_929553
245 _aPoststructuralism
_cCatherine Belsey
260 _aNew York
_bOxford university
_c2002
300 _a117p.;
_c18cm.
440 _aA very short introduction
_919891
650 _aPoststructuralism
_919911
942 _2lcc
_cMONOGRAPH